The greater India experiment : (Record no. 523477)

000 -LEADER
fixed length control field 02472cam a2200397 i 4500
001 - CONTROL NUMBER
control field 21517369
005 - DATE AND TIME OF LATEST TRANSACTION
control field 20230905144227.0
008 - FIXED-LENGTH DATA ELEMENTS--GENERAL INFORMATION
fixed length control field 200430s2021 cauab b 001 0 eng
010 ## - LIBRARY OF CONGRESS CONTROL NUMBER
LC control number 2020019950
020 ## - INTERNATIONAL STANDARD BOOK NUMBER
International Standard Book Number 9781503613461
Qualifying information (cloth)
020 ## - INTERNATIONAL STANDARD BOOK NUMBER
International Standard Book Number 9781503614222
Qualifying information (paperback)
020 ## - INTERNATIONAL STANDARD BOOK NUMBER
Cancelled/invalid ISBN 9781503614239
Qualifying information (epub)
040 ## - CATALOGING SOURCE
Original cataloging agency CSt/DLC
Language of cataloging eng
Transcribing agency DLC
Description conventions rda
Modifying agency DLC
042 ## - AUTHENTICATION CODE
Authentication code pcc
043 ## - GEOGRAPHIC AREA CODE
Geographic area code a-ii---
050 00 - LIBRARY OF CONGRESS CALL NUMBER
Classification number DS482.8
Item number .L66 2021
082 00 - DEWEY DECIMAL CLASSIFICATION NUMBER
Classification number F51x5411 L862
100 1# - MAIN ENTRY--PERSONAL NAME
Personal name Longkumer, Arkotong,
Relator term author.
9 (RLIN) 40231
245 14 - TITLE STATEMENT
Title The greater India experiment :
Remainder of title Hindutva and the northeast /
Statement of responsibility, etc Arkotong Longkumer.
260 ## - PUBLICATION, DISTRIBUTION, ETC. (IMPRINT)
Place of publication, distribution, etc New Delhi
Name of publisher, distributor, etc Navayana
Date of publication, distribution, etc 2022
300 ## - PHYSICAL DESCRIPTION
Extent x, 321 pages :
Other physical details illustrations, maps ;
Dimensions 24 cm.
490 1# - SERIES STATEMENT
Series statement South Asia in motion
504 ## - BIBLIOGRAPHY, ETC. NOTE
Bibliography, etc Includes bibliographical references (pages 289-309) and index.
505 0# - FORMATTED CONTENTS NOTE
Formatted contents note Arboreal nation -- The northeast and time's relentless melt -- Hindutva worldings : whose way of life? -- Prophecy and the Hindu state -- "Christian Hindu" and nationalizing Hindutva -- Rani Gaidinliu : a semiotic challenge to the nation state -- Citizenship, elections, and the BJP -- Epilogue : Hindutva becoming and the greater India experiment.
520 ## - SUMMARY, ETC.
Summary, etc "With unheard of access to the Sangh Parivar (a family of organizations comprising the Hindu right), The Greater India Experiment explores the ideologies at play in this notorious group, documenting their quotidian activities. Longkumer argues that it is here that we truly see the full picture of the Sangh movement, not through the politicized lens of high-profile campaigns or activities, but through the gradual process of influencing social and cultural politics, and the eventual entanglement of the Hindu Right in the everyday politics of the region"--
610 20 - SUBJECT ADDED ENTRY--CORPORATE NAME
Corporate name or jurisdiction name as entry element Sangh Parivar.
9 (RLIN) 40232
650 #0 - SUBJECT ADDED ENTRY--TOPICAL TERM
Topical term or geographic name as entry element Hindutva
Geographic subdivision India, Northeastern.
9 (RLIN) 40233
650 #0 - SUBJECT ADDED ENTRY--TOPICAL TERM
Topical term or geographic name as entry element Hinduism and politics
Geographic subdivision India, Northeastern.
9 (RLIN) 40234
650 #0 - SUBJECT ADDED ENTRY--TOPICAL TERM
Topical term or geographic name as entry element Nationalism
Geographic subdivision India, Northeastern.
9 (RLIN) 40235
650 #0 - SUBJECT ADDED ENTRY--TOPICAL TERM
Topical term or geographic name as entry element Hinduism
Geographic subdivision India, Northeastern
General subdivision Relations.
9 (RLIN) 40236
651 #0 - SUBJECT ADDED ENTRY--GEOGRAPHIC NAME
Geographic name India, Northeastern
General subdivision Politics and government.
9 (RLIN) 40237
776 08 - ADDITIONAL PHYSICAL FORM ENTRY
Display text Online version:
Main entry heading Longkumer, Arkotong.
Title Greater India experiment
Place, publisher, and date of publication Stanford, California : Stanford University Press, [2021]
International Standard Book Number 9781503614239
Record control number (DLC) 2020019951
830 #0 - SERIES ADDED ENTRY--UNIFORM TITLE
Uniform title South Asia in motion.
9 (RLIN) 40238
906 ## - LOCAL DATA ELEMENT F, LDF (RLIN)
a 7
b cbc
c orignew
d 1
e ecip
f 20
g y-gencatlg
955 ## - COPY-LEVEL INFORMATION (RLIN)
Book number/undivided call number, CCAL (RLIN) CSt 2020-04-30
Classification number, CCAL (RLIN) xn11 2021-03-09 1 copy rec'd., to CIP ver.
Holdings
Withdrawn status Lost status Source of classification or shelving scheme Damaged status Koha normalized classification for sorting Not for loan Permanent location Current location Shelving location Date acquired Full call number Barcode Date last seen Price effective from Koha item type
        F_51X5411_L862   Indian Institute of Public Administration Indian Institute of Public Administration On Display 2023-09-05 F51x5411 L862 89119 2023-09-05 2023-09-05 Book

Powered by Koha